00438nam a22001337a 4500003000500000038001800005082000800023100002300031245009800054264003500152650002500187700003400212856005800246NUST aNusrat Nadeem a200 aTariq, Syeda Sidra aDenseSort: A Gas-Efficient Sorting Algorithm for Ethereum Smart Contracts/cSyeda Sidra Tariq aIslamabad:bSEECS NUST.c2025. aMS-Computer Science  aSupervisor: Dr. Syed Taha Ali u http://10.250.8.41:8080/xmlui/handle/123456789/57156